[Event "AUTO-OPEN-4645"]
[Site "http://www.queenalice.com/game.php?id=1871156"]
[Date "2026.3.28"]
[Round "1"]
[White "askasl159"]
[Black "EdsonEstevam"]
[Result "0-1"]
[WhiteElo "1680"]
[BlackElo "1747"]

1. e4 e5 2. f4 Nc6 3. Nf3 Bd6 4. Bc4 h6 5. a3 Nf6 6. Nc3 O-O 7. O-O b6 8. Qe2
Re8 9. fxe5 Bxe5 10. Nxe5 Nxe5 11. d4 Nxc4 12. Qxc4 d6 13. e5 Be6 14. d5 Bxd5
15. Nxd5 Rxe5 16. Nc3 d5 17. Qd3 c6 18. Bf4 Re6 19. Rae1 d4 20. Rxe6 fxe6 21.
Ne4 c5 22. Nxf6+ Qxf6 23. Bd6 Qg5 24. Qf3 Rd8 25. Bc7 Rd7 26. Qa8+ Kh7 27. Qe4+
Qg6 28. Qc6 Rf7 29. Rxf7 Qxf7 30. Bg3 Qf5 31. c4 d3 32. Be1 e5 33. Qb7 e4 34.
Qxa7 e3 35. Qe7 e2 36. Bf2 Qg5 37. Be1 Qxe7 0-1

[Event "AUTO-OPEN-4645"]
[Site "http://www.queenalice.com/game.php?id=1871157"]
[Date "2026.3.28"]
[Round "1"]
[White "EdsonEstevam"]
[Black "askasl159"]
[Result "1-0"]
[WhiteElo "1697"]
[BlackElo "1725"]

1. e4 e5 2. Nf3 Nc6 3. Nc3 Nf6 4. Bc4 h6 5. d3 Bc5 6. h3 O-O 7. Bd2 a6 8. Qe2 b5
9. Bb3 Bb7 10. g4 g5 11. h4 Nh7 12. hxg5 hxg5 13. O-O-O Kg7 14. Rh5 f6 15. Kb1
Qe7 16. Nd5 Qd6 17. Rdh1 Rh8 18. a3 a5 19. Ne3 Bxe3 20. Qxe3 Nd4 21. Nxd4 exd4
22. Qf3 a4 23. Ba2 c5 24. Qh3 b4 25. Rxh7+ Rxh7 26. Qxh7+ Kf8 27. Qf7# 1-0

[Event "AUTO-ADV-4927"]
[Site "http://www.queenalice.com/game.php?id=1871257"]
[Date "2026.3.30"]
[Round "1"]
[White "EdsonEstevam"]
[Black "maurice916"]
[Result "0-1"]
[WhiteElo "1761"]
[BlackElo "1847"]

1. e4 c6 2. d4 d5 3. e5 c5 4. Nf3 Bg4 5. Be2 e6 6. Nc3 Nc6 7. h3 Bh5 8. Bg5 Qc7
9. Nb5 Qb6 10. Be3 cxd4 11. Bxd4 Nxd4 12. Nfxd4 Bxe2 13. Qxe2 a6 14. O-O axb5
15. a3 Ne7 16. b4 Qxd4 17. Qxb5+ Kd8 18. Qxb7 Rc8 19. Rfe1 g6 20. Rac1 Bg7 21.
c3 Rxc3 22. Qb8+ Rc8 23. Qd6+ Ke8 24. Rb1 Qa7 25. b5 Qd7 26. Qb4 Nf5 27. a4 Bf8
28. Qb2 Bc5 29. Kh1 Kf8 30. a5 Bd4 31. Qb4+ Bc5 32. Qb2 Kg7 33. b6 Rb8 34. Rec1
Bd4 35. Qe2 Rhc8 36. g4 Rxc1+ 37. Rxc1 Nh4 38. Rd1 Bc5 39. Kh2 Be7 40. Qd2 Nf3+
0-1

[Event "AUTO-ADV-4927"]
[Site "http://www.queenalice.com/game.php?id=1871258"]
[Date "2026.3.30"]
[Round "1"]
[White "maurice916"]
[Black "EdsonEstevam"]
[Result "1-0"]
[WhiteElo "1833"]
[BlackElo "1775"]

1. Nf3 d5 2. b3 Nc6 3. Bb2 Qd6 4. e3 Nf6 5. Bb5 Bd7 6. O-O Ng4 7. h3 Nh6 8. c4
dxc4 9. Bxc4 Be6 10. Nc3 g6 11. d4 Bxc4 12. bxc4 Bg7 13. Rb1 Bf6 14. Ne2 b6 15.
e4 e5 16. d5 Nb4 17. a3 Na6 18. Nc1 O-O 19. Nd3 Rac8 20. Bxe5 Qd8 21. Bxf6 Qxf6
22. e5 Qe7 23. Re1 Qd7 24. Nb4 Nxb4 25. axb4 a5 26. bxa5 bxa5 27. c5 c6 28. d6
Rcd8 29. Qd2 a4 30. Qxh6 f6 31. e6 Qa7 32. e7 Qxc5 33. exf8=Q+ Rxf8 34. d7 Rd8
35. Re8+ Kf7 36. Qxh7# 1-0

[Event "AUTO-ADV-4927"]
[Site "http://www.queenalice.com/game.php?id=1871259"]
[Date "2026.3.30"]
[Round "1"]
[White "EdsonEstevam"]
[Black "chessman"]
[Result "0-1"]
[WhiteElo "1760"]
[BlackElo "2008"]

1. e4 e6 2. d4 d5 3. Nc3 dxe4 4. Nxe4 Nd7 5. Bf4 Ngf6 6. Bg5 Be7 7. Bd3 Nxe4 8.
Bxe4 Bxg5 9. Nf3 Bf6 10. O-O O-O 11. Re1 Nb6 12. b3 Nd5 13. Ne5 Bxe5 14. Bxd5
Bxh2+ 15. Kxh2 exd5 16. Re5 c6 17. c3 Be6 18. a4 a5 19. Ra2 b5 20. Rae2 Qd6 21.
g3 Rfe8 22. Qb1 Bd7 23. R2e3 Rxe5 24. Rxe5 Qh6+ 25. Kg1 Bg4 26. Qe1 Kf8 27. Re7
Bf3 0-1

[Event "AUTO-ADV-4927"]
[Site "http://www.queenalice.com/game.php?id=1871260"]
[Date "2026.3.30"]
[Round "1"]
[White "chessman"]
[Black "EdsonEstevam"]
[Result "1-0"]
[WhiteElo "2021"]
[BlackElo "1754"]

1. e4 e5 2. Nf3 Nc6 3. Bc4 h6 4. O-O Nf6 5. Re1 Bc5 6. b4 Bd4 7. c3 Bb6 8. d4 d6
9. dxe5 dxe5 10. Qxd8+ Nxd8 11. Nxe5 a5 12. b5 Be6 13. Bxe6 Nxe6 14. Nd2 O-O 15.
a4 Rfe8 16. Ndf3 Red8 17. Ba3 Nf4 18. Rad1 Nxe4 19. Rxd8+ Rxd8 20. Rxe4 g5 21.
h3 f6 22. Nc4 Rd1+ 23. Re1 Rd3 24. Nxb6 cxb6 25. Be7 Kf7 26. Nd4 Rxc3 27. Nf5
Ra3 28. Bxa3 1-0

[Event "Challenge"]
[Site "http://www.queenalice.com/game.php?id=1871341"]
[Date "2026.4.3"]
[Round "-"]
[White "jogo"]
[Black "EdsonEstevam"]
[Result "0-1"]
[WhiteElo "1506"]
[BlackElo "1748"]

1. e4 e5 2. Nf3 Nc6 3. Bb5 Nge7 4. c3 d6 5. d4 a6 6. Ba4 Bg4 7. a3 g6 8. h3 Bxf3
9. Qxf3 Bg7 10. d5 b5 0-1

[Event "AUTO-ADV-4930"]
[Site "http://www.queenalice.com/game.php?id=1871926"]
[Date "2026.4.14"]
[Round "1"]
[White "chessman"]
[Black "EdsonEstevam"]
[Result "1-0"]
[WhiteElo "2002"]
[BlackElo "1828"]

1. e4 e5 2. Nf3 Nc6 3. Bc4 h6 4. O-O Nf6 5. Re1 Bc5 6. b4 Bxb4 7. c3 Ba5 8. Ba3
d5 9. exd5 Nxd5 10. Nxe5 Nde7 11. Nxf7 Qd7 12. Nxh8 Kf8 13. Ng6+ Ke8 14. Nxe7
Bb6 15. Nxc6+ Qe6 16. Bxe6 bxc6 17. Bxc8+ Kd8 18. Bb7 Rb8 19. Bxc6 g5 20. Re8#
1-0

[Event "AUTO-ADV-4930"]
[Site "http://www.queenalice.com/game.php?id=1871927"]
[Date "2026.4.14"]
[Round "1"]
[White "EdsonEstevam"]
[Black "chessman"]
[Result "0-1"]
[WhiteElo "1819"]
[BlackElo "2011"]

1. e4 e6 2. d4 d5 3. Nc3 dxe4 4. Nxe4 Nf6 5. Bd3 Nbd7 6. Nf3 Nxe4 7. Bxe4 Nf6 8.
Bg5 Be7 9. O-O Nxe4 10. Bxe7 Kxe7 11. Re1 Nf6 12. h3 h6 13. c3 Re8 14. Ne5 Kf8
15. a4 Kg8 16. b4 Nd5 17. Qd2 c6 18. Rab1 Bd7 19. c4 Nf6 20. b5 cxb5 21. axb5 a6
22. b6 Rc8 23. c5 Bc6 24. Qe2 Qxd4 25. Rbc1 Qd5 26. Red1 Qxg2# 0-1

[Event "AUTO-ADV-4930"]
[Site "http://www.queenalice.com/game.php?id=1871946"]
[Date "2026.4.14"]
[Round "1"]
[White "EdsonEstevam"]
[Black "Capixabba789"]
[Result "1-0"]
[WhiteElo "1764"]
[BlackElo "1932"]

1. e4 e5 2. Bc4 Nc6 3. d3 a6 4. Nf3 Be7 5. Nc3 d6 6. Bd2 Nf6 7. h3 Bd7 8. O-O
O-O 9. Re1 Nd4 10. Nxd4 exd4 11. Ne2 c5 12. a3 b5 13. Ba2 a5 14. b4 a4 15. c3
dxc3 16. Bxc3 Be6 17. Nf4 Bxa2 18. Rxa2 Qb6 19. Bxf6 Bxf6 20. Nd5 Bd4 21. Nxb6
1-0

[Event "AUTO-ADV-4930"]
[Site "http://www.queenalice.com/game.php?id=1871947"]
[Date "2026.4.14"]
[Round "1"]
[White "Capixabba789"]
[Black "EdsonEstevam"]
[Result "1-0"]
[WhiteElo "1916"]
[BlackElo "1774"]

1. d4 d5 2. Nc3 Nf6 3. f4 e6 4. Nf3 Nc6 5. e3 Be7 6. Bd3 a6 7. O-O Bd6 8. Ne5
Bd7 9. Qf3 Qe7 10. Bd2 O-O 11. a3 b5 12. b4 h6 13. Kh1 Rfe8 14. Ne2 1-0

[Event "Challenge"]
[Site "http://www.queenalice.com/game.php?id=1872106"]
[Date "2026.4.17"]
[Round "-"]
[White "EdsonEstevam"]
[Black "jogo"]
[Result "1-0"]
[WhiteElo "1806"]
[BlackElo "1433"]

1. e4 c5 2. Bc4 e6 3. Nf3 d5 4. exd5 exd5 5. Bb5+ Bd7 6. Qe2+ Qe7 7. O-O Qxe2 8.
Bxe2 Nf6 9. Re1 Be7 10. d3 Nc6 11. c3 1-0

[Event "AUTO-ADV-4931"]
[Site "http://www.queenalice.com/game.php?id=1872149"]
[Date "2026.4.17"]
[Round "1"]
[White "EdsonEstevam"]
[Black "SGF"]
[Result "1-0"]
[WhiteElo "1811"]
[BlackElo "1653"]

1. e4 e5 2. Nf3 Qf6 3. Nc3 c6 4. a3 d6 5. d3 Be7 6. Be2 Qg6 7. O-O Bh3 8. Bg5
Bxg5 9. gxh3 Bc1+ 10. Kh1 Bxb2 11. Rg1 Qf6 12. Qb1 Bxc3 13. Qxb7 Bxa1 14. Qxa8
Qd8 15. Rxa1 a6 16. Rb1 Nd7 17. Qxc6 a5 18. d4 Ne7 19. Qb5 O-O 20. d5 Qb8 21.
Ng5 Qxb5 22. Rxb5 f6 23. Ne6 Kf7 24. Rxa5 g5 25. Ra7 Nc5 26. Bh5+ Kg8 27. Rxe7
Nxe6 28. Rxe6 Kg7 29. Rxd6 Rc8 30. Rc6 Rxc6 31. dxc6 Kf8 32. c7 h6 33. c8=Q+ Ke7
34. Qa6 Kf8 35. Qa7 Kg8 36. Bg6 Kf8 37. Qf7# 1-0

[Event "AUTO-ADV-4931"]
[Site "http://www.queenalice.com/game.php?id=1872150"]
[Date "2026.4.17"]
[Round "1"]
[White "SGF"]
[Black "EdsonEstevam"]
[Result "1-0"]
[WhiteElo "1633"]
[BlackElo "1821"]

1. e4 e5 2. Qf3 Nc6 3. c3 Bc5 4. d3 Nf6 5. Be2 O-O 6. Qg3 d6 7. Bh6 Bg4 8. Bxg4
gxh6 9. Bc8+ Kh8 10. Bxb7 Rb8 11. Bxc6 Rxb2 12. Ne2 Rg8 13. Qf3 h5 14. h4 Rg7
15. g3 Ng4 16. O-O Qe7 17. a4 a5 18. Bb5 Qe6 19. Qf5 Qxf5 20. exf5 Rxe2 21. d4
exd4 22. Bxe2 dxc3 23. Bxg4 hxg4 24. Nxc3 Bd4 25. Rac1 c6 26. Ne2 c5 27. Nxd4
cxd4 28. Rfd1 f6 29. Rc8+ Rg8 30. Rxg8+ Kxg8 31. Rxd4 h5 32. Rxd6 Kg7 33. Ra6
Kh6 34. Rxa5 Kh7 35. Rd5 Kh6 36. a5 Kg7 37. a6 Kh7 38. a7 Kh6 39. a8=Q Kh7 40.
Rd7+ Kh6 41. Qh8# 1-0

[Event "AUTO-ADV-4932"]
[Site "http://www.queenalice.com/game.php?id=1872370"]
[Date "2026.4.24"]
[Round "1"]
[White "Capixabba789"]
[Black "EdsonEstevam"]
[Result "1-0"]
[WhiteElo "1869"]
[BlackElo "1785"]

1. d4 d5 2. Nc3 Nf6 3. e3 Nc6 4. f4 e6 5. Nf3 Bb4 6. Bd2 O-O 7. Bd3 h6 8. O-O
Ne7 9. Ne5 Bd6 10. Ne2 Re8 11. Ng3 a6 12. c3 b6 13. a3 b5 14. b4 c6 15. Kh1 a5
16. Qe1 axb4 17. axb4 Bxe5 18. fxe5 Nh7 19. Qf2 Rxa1 20. Rxa1 Rf8 21. Bc2 f6 22.
exf6 Nxf6 23. Qe2 Qc7 24. e4 Bb7 25. e5 Ne4 26. Nxe4 dxe4 27. Qxe4 g6 28. Bxh6
Rf7 29. h3 c5 30. Qg4 Qc6 31. Bxg6 Kh8 32. Bxf7 Qxg2+ 33. Qxg2 Bxg2+ 34. Kxg2
Kh7 35. Bd2 c4 36. Bxe6 Kg7 37. Ra7 Kf8 38. Bh6+ Ke8 39. Ra8+ Nc8 40. Bxc8 Ke7
41. Ba6 Kd7 42. Bxb5+ Kc7 43. Bxc4 Kb7 44. Rd8 Kc7 45. Bg5 Kb7 46. e6 Ka7 47. e7
Kb6 48. e8=Q Kc7 49. Qe7+ 1-0

[Event "AUTO-OPEN-4649"]
[Site "http://www.queenalice.com/game.php?id=1872494"]
[Date "2026.4.25"]
[Round "1"]
[White "EdsonEstevam"]
[Black "Capixabba789"]
[Result "0-1"]
[WhiteElo "1798"]
[BlackElo "1873"]

1. e4 e5 2. Nf3 d6 3. Nc3 Nf6 4. Bc4 Be7 5. O-O Bd7 6. d3 O-O 7. Bd2 Nc6 8. h3
Nd4 9. Nxd4 exd4 10. Ne2 c5 11. c3 b5 12. Bd5 Nxd5 13. Re1 Nf6 14. a3 dxc3 15.
bxc3 Bc6 16. Nf4 a5 17. Re3 d5 18. e5 Ne8 19. e6 Nd6 20. exf7+ Rxf7 21. Ne6 Qd7
22. Nxc5 Qe8 23. Ne6 Nf5 24. Qg4 Nxe3 25. Nc7 Nxg4 26. Nxe8 Nxf2 27. Nc7 Rc8 28.
Ne6 Nxd3 29. Rd1 Ne5 30. Re1 Nd3 31. Re3 Nc5 32. Nd4 Ne4 33. Be1 Bxa3 34. Kh2
Bd6+ 35. Kg1 Rcf8 36. Ne6 Rf1# 0-1